| 000 | 01263nam a22003257a 4500 | ||
|---|---|---|---|
| 999 |
_c5847 _d5847 |
||
| 003 | OSt | ||
| 005 | 20251118134130.0 | ||
| 008 | 251118b ||||| |||| 00| 0 eng d | ||
| 020 | _a9780063082014 | ||
| 040 | _cKH8 | ||
| 082 | _a813.6 WHI | ||
| 100 | 1 |
_aWhite, J. A _eauthor |
|
| 245 | 1 | 0 |
_aGravebooks _cby J.A. White |
| 250 | _aFirst edition | ||
| 264 | 1 |
_aNew York, NY _bKatherine Tegen Books, an imprint of HarperCollins Publishers, _c2022 |
|
| 300 |
_a260 pages _c22 cm _b14 cm x 20 cm |
||
| 500 | _a"The sequel to Nightbooks." | ||
| 520 |
_a"Alex again has to write stories to survive, this time learning to finish discarded ideas and overcome writer's block, after he's held hostage in his dreams by fear vampire Simeon, working alongside evil witch Natacha in a story graveyard"-- _cProvided by publisher. |
||
| 521 | _aAges 8-12. | ||
| 650 | 1 |
_aAuthorship _vFiction |
|
| 650 | 1 |
_aFear _vFiction |
|
| 650 | 1 |
_aCreative ability _vFiction |
|
| 650 | 1 |
_aMagic _vFiction |
|
| 650 | 1 |
_aVampires _vFiction |
|
| 655 | 7 | _aNovels | |
| 655 | 7 | _aFiction. | |
| 942 |
_2ddc _cFIC |
||